Sports Quiz

Random Sports Quiz

Manchester United's All-time Goalscorers Quiz Stats

 Plays Quiz not verified by Sporcle

Score 0/10 Timer 05:00
0 Plays Today
Description Player % Correct
Welsh Wing WizardRyan Giggs
94.1%
English World Cup WinnerBobby Charlton
93.6%
Nothern Irish LegendGeorge Best
86.7%
Dutch FinisherRuud Van Nistelrooy
84.4%
Small Scottish StrikerDenis Law
74.1%
Brave Welsh ForwardMark Hughes
57.9%
Survivor of Munich Air DisasterDennis Viollet
17.7%
Explosive 'Gunner'Jack Rowley
10%
Star from between the World WarsJoe Spence
8.2%
Former Chester Player and ManagerStan Pearson
5.4%

You're not logged in!

Compare scores with friends on all Sporcle quizzes.
OR
Log In

Show Comments

Extras

Top Quizzes Today


Score Distribution

Your Account Isn't Verified!

In order to create a playlist on Sporcle, you need to verify the email address you used during registration. Go to your Sporcle Settings to finish the process.

Report this User

Report this user for behavior that violates our Community Guidelines.

Details: